Liedtext - Drago Augustino - Tream - Statistiken

Allgemein
  • Dieses Quiz wurde 79 mal gespielt
  • Das Durchschnittsergebnis liegt bei 219 aus 362
Antwortstatistiken
Antwort % Korrekt
Augustino,
100%
Augustino
100%
Drago
100%
ich
100%
Ich
100%
Die
94%
die
94%
Sie
92%
bleib
88%
Spion
88%
zu
88%
dein
87%
dein`n
87%
dein´n
87%
tanzt
87%
Blicke
83%
dos,
83%
geh
83%
gehen
83%
tres
83%
Uno,
83%
dich
81%
lieb
81%
Babe,
79%
dreh
77%
Du
77%
du
77%
mich
77%
Pest
77%
tief,
77%
wie
77%
nie
75%
war
75%
weg
75%
weg,
75%
noch
73%
so
73%
bitte
71%
mein
71%
ne
71%
Spanisch
71%
Amigo,
69%
Doch
67%
heut
67%
nennst
67%
Nacht
65%
Tequila
65%
dir
63%
bei
62%
nicht
62%
flüssig,
58%
seis,
58%
sprech
56%
tambíen
56%
cinco,
54%
cinco
54%
Cuatro,
48%
nimm
48%
oh,
48%
und
48%
Und
48%
baby
44%
Baby,
44%
komplett,
42%
das
40%
ein
40%
heute
40%
im
40%
aber
37%
verdammt
37%
verdammt,
37%
wir
37%
"für
35%
(für
35%
in
35%
was
33%
liegt
31%
mit
31%
Schnee
31%
Spanien
31%
vamos
31%
auf
29%
immer"
29%
immer)
29%
oft,
29%
Passiert
27%
Singen:
27%
an
25%
bisschen
25%
einmal
25%
favor,
25%
otra
25%
Por
25%
wenn
25%
Atemweg
23%
heißt
23%
liebst
23%
mach
23%
vez
23%
danach
21%
dann
21%
einem
21%
jeder
21%
Kies
21%
Küste
21%
nonstop
21%
para
21%
sechst
21%
Shots
21%
Vierzylinder
21%
wüsste
21%
zelten
21%
bleibe
19%
Bude
19%
Ehering
19%
einfach
19%
Finger
19%
Poch,
19%
poch,
19%
schlimmer
19%
voll,
19%
Wo
19%
Hinterzimmer
17%
Ja,
17%
alles
15%
ganze
15%
hier
15%
Juntos
15%
kommt
15%
Solita
15%
durchs
13%
endet,
13%
Lippe,
13%
nem
13%
Selbst
13%
siempre,
13%
spielen
12%
Sippe
10%
Riskier
8%
Oy, oy, oy
4%
Keine übereinstimmenden Quizze gefunden
Verteilung der Resultate
Anzahl Personen mit jedem Resultat
Perzentil nach korrekt beantworteten Fragen
Ihre Resultats-Entwicklung
Sie haben dieses Quiz noch nicht gespielt